000 00484nam a2200193Ia 4500
008 100917s9999 xx 000 0 und d
082 _b27635
100 _aआपटे हरि नारायण
245 _aआजच
260 _bरम्यकथा प्रकाशन
260 _c1973
300 _a260
365 _b8
520 _aकादंबरी
630 _aआजच
650 _aकादंबरी
730 _aआजच
942 _cBOOK
999 _c633029
_d633026